Le journal, les journalistes et le droit d'auteur

Uloženo v:
Podrobná bibliografie
Hlavní autor: Leloup, Jean-Marie (Autor)
Médium: Kniha
Jazyk:francouzština
Vydáno: París Librairies Techniques 1962
Témata:
Tagy: Přidat tag
Žádné tagy, Buďte první, kdo vytvoří štítek k tomuto záznamu!

MARC

LEADER 00000nam a2200000 a 4500
001 UCT9456
003 CL-VaPUC
008 970404e19620000FR |||||||||||||||||fre|d
082 0 4 |a 346.048  |b LEL  |2 21 
100 0 |a Leloup, Jean-Marie  |e author  |9 382152 
245 1 3 |a Le journal, les journalistes et le droit d'auteur 
300 |a 246 p 
942 |c BK 
945 |d 19970404 00:00:00  |a paguirre 
260 |a París  |b Librairies Techniques  |c 1962 
650 0 |a Derecho de autor  |9 332641 
650 0 |a Derecho de propiedad  |9 256450 
650 7 |a PROPIEDAD LITERARIA  |2 CL-VaPUC  |9 350286 
650 0 |a Periodistas   |9 335499 
650 0 |a Prensa  |9 258117 
583 |a last modification  |c 19970404 00:00:00  |k Rodrigo Vera 
999 |c 257857  |d 257855 
952 |0 0  |1 0  |4 0  |6 346_048000000000000_LEL_1962  |7 0  |8 X  |9 281539  |a BIBDER  |b BIBDER  |d 2019-11-19  |i 182614K  |o 346.048 LEL 1962  |p 182614K  |r 2023-01-25  |w 2019-11-19  |y BK_X  |k DER